Score 0/16 Timer 05:00
5 Plays Today
% Correct
Shoestring potatoes
92.7%
Potato chips
92.5%
Gnocchi
88%
Tater tots
77.7%
Duchess potato
74.2%
Hasselback potato
72.9%
Poutine
67.1%
Sag aloo
66.9%
% Correct
Spanish tortilla
55.7%
Raclette
52.9%
Colcannon
52.1%
Patatas bravas
50.4%
Chapalele
45.7%
Salchipapas
41%
Lyonnaise potato
34.1%
Bubble and squeak
33.4%
Remove Ads.
Support Sporcle.
Get the best of Sporcle when you Go Orange. This ad-free experience offers more features, more stats, and more fun while also helping to support Sporcle. Thank you for becoming a member.

You're not logged in!

Compare scores with friends on all Sporcle quizzes.
OR
Log In

Show Comments

Extras

Top Quizzes Today


Score Distribution

Your Account Isn't Verified!

In order to create a playlist on Sporcle, you need to verify the email address you used during registration. Go to your Sporcle Settings to finish the process.

Report this User

Report this user for behavior that violates our Community Guidelines.

Details: